Sports Quiz

Random Sports or NHL Quiz

First Non-Canadian per year NHL entry draft Quiz Stats

 Plays Quiz not verified by Sporcle

Challenge
Share
Tweet
Embed
Score 0/45 Timer 05:00
0 Plays Today
Year/Pick Player % Correct
2004/1st overallAlexander Ovechkin
96.5%
2001/1st overallIlya Kovalchuk
94.7%
2007/1st overallPatrick Kane
94.7%
2006/1st overallErik Johnson
88.3%
2009/2nd overallVictor Hedman
84.8%
2005/2nd overallBobby Ryan
84.2%
2011/2nd overallGabriel Landeskog
84.2%
2000/1st overallRick DiPietro
83.6%
1989/1st overallMats Sundin
78.9%
1988/1st overallMike Modano
77.2%
1999/1st overallPatrick Stefan
75.4%
1998/2nd overallDavid Legwand
70.8%
2002/2nd overallKari Lehtonen
69.6%
1992/1st overallRoman Hamrlik
64.3%
2003/4th overallNikolai Zherdev
63.7%
1995/1st overallBryan Berard
63.2%
2008/3rd overallZach Bogosian
60.2%
2010/5th overallNino Niederreiter
59.6%
1997/3rd overallOlli Jokinen
53.2%
1990/2nd overallPetr Nedved
35.1%
1994/2nd overallOleg Tverdovsky
32.7%
1983/1st overallBrian Lawton
29.8%
1993/6th overallViktor Kozlov
29.2%
Year/Pick Player % Correct
1986/2nd overallJimmy Carson
20.5%
1982/6th overallPhil Housley
19.9%
1996/2nd overallAndrei Zyuzin
19.3%
1981/3rd overallBobby Carpenter
17%
1991/4th overallScott Lachance
13.5%
1984/3rd overallEd Olczyk
8.8%
1979/11th overallMike Ramsey
8.2%
1980/12th overallRik Wilson
5.3%
1976/5th overallBjorn Johansson
4.1%
1974/10th overallRick Chartraw
3.5%
1971/16th overallHenry Boucha
1.8%
1985/3rd overallCraig Wolanin
1.8%
1987/23rd overallRicard Persson
1.8%
1967/12th overallGary Wood
1.2%
1968/16th overallCurt Bennett
1.2%
1972/42nd overallBob Krieger
0.6%
1970/36th overallGerry O'Flaherty
0.6%
1973/35th overallPaul Sheard
0.6%
1977/35th overallTom Gorence
0.6%
1978/22nd overallCurt Fraser
0.6%
1969/32nd overallBobby Sheenan
0%
1975/19th overallPeter Scamurra
0%

You're not logged in!

Compare scores with friends on all Sporcle quizzes.
OR
Log In

You Might Also Like...

Show Comments

Extras

Top Quizzes Today


Score Distribution

Your Account Isn't Verified!

In order to create a playlist on Sporcle, you need to verify the email address you used during registration. Go to your Sporcle Settings to finish the process.

Report this User

Report this user for behavior that violates our Community Guidelines.

Details: